Spoločná zahraničná energetická politika EÚ - reálny cieľ?

Energetika v európskom integračnom procese. Zelená kniha: Európska stratégia pre udržateľnú, konkurencieschopnú a bezpečnú energiu, prijatá v roku 2006. Prioritné oblasti európskej energetickej stratégie: 1. konkurencieschopnosť a vnútorný energetický trh, 2. rozšírenie sortimentu energií, 3. solida...

Description complète

Enregistré dans:
Détails bibliographiques
Auteur principal: Trenčianska, Elena
Autres auteurs: Kosír, Igor
Format: Chapitre de livre
Langue:slovaque
Sujets:
Tags: Ajouter un tag
Pas de tags, Soyez le premier à ajouter un tag!

MARC

LEADER 00000naa$a2200000$$$4500
001 0113956
005 20240530072746.9
041 0 |a slo 
044 |a CZ 
245 1 0 |a Spoločná zahraničná energetická politika EÚ - reálny cieľ?  |c Elena Trenčianska, Igor Kosír 
520 |a Energetika v európskom integračnom procese. Zelená kniha: Európska stratégia pre udržateľnú, konkurencieschopnú a bezpečnú energiu, prijatá v roku 2006. Prioritné oblasti európskej energetickej stratégie: 1. konkurencieschopnosť a vnútorný energetický trh, 2. rozšírenie sortimentu energií, 3. solidarita, 4. udržateľný rozvoj, 5. inovácie a technológie, 6. spoločná zahraničná energetická politika. Šance spoločnej zahraničnej energetickej politiky EÚ. 
610 2 0 |a energetika 
610 2 0 |a politika energetická 
610 2 0 |a zdroje energie 
610 2 0 |a bezpečnosť energetická 
610 2 0 |a rozvoj trvalo udržateľný 
610 2 0 |a konkurencieschopnosť 
610 2 0 |a Európska únia 
100 1 |a Trenčianska, Elena 
700 1 |a Kosír, Igor